IV Congreso Nacional de Investigación Educativa : conferencias magistrales /
El Congreso Nacional de Investigación Educativa es un encuentro académico organizado en México para la reflexión teórica-metodológica ligada a las prácticas y procesos investigativos y la presentación de resultados de investigaciones, cuyo propósito último es dar cuenta del estado que guarda el cono...
محفوظ في:
| مؤلف مشترك: | |
|---|---|
| مؤلفون آخرون: | |
| التنسيق: | وقائع المؤتمر كتاب |
| اللغة: | الإسبانية |
| منشور في: |
México :
Consejo Mexicano de Investigación Educativa,
1999, c1999
|
| الموضوعات: | |
| الوسوم: |
لا توجد وسوم, كن أول من يضع وسما على هذه التسجيلة!
|
MARC
| LEADER | 00000nam^a2200000^a^4500 | ||
|---|---|---|---|
| 001 | 000182980 | ||
| 005 | 20250521000000.0 | ||
| 009 | 20260310102024.492 | ||
| 020 | |a 968-7542-20-9 | ||
| 037 | |a Acervo ITESO - Biblioteca | ||
| 041 | |a ESP | ||
| 082 | |a 370. 78 |b CON 1997 V. 1 | ||
| 111 | |a Congreso Nacional de Investigación Educativa ( |n 4o : |d 1997 : |c Mérida, México) | ||
| 245 | 1 | 0 | |a IV Congreso Nacional de Investigación Educativa : |b conferencias magistrales / |c Congreso Nacional de Investigación Educativa ; presen. de G. Waldegg. |
| 264 | 4 | |a México : |b Consejo Mexicano de Investigación Educativa, |c 1999, c1999 | |
| 300 | |a 288 p. | ||
| 336 | |a texto |b txt |2 rdacontenido | ||
| 337 | |a sin mediación |b n |2 rdamedio | ||
| 338 | |a volumen |b nc |2 rdasoporte | ||
| 520 | |a El Congreso Nacional de Investigación Educativa es un encuentro académico organizado en México para la reflexión teórica-metodológica ligada a las prácticas y procesos investigativos y la presentación de resultados de investigaciones, cuyo propósito último es dar cuenta del estado que guarda el conocimiento sobre la educación. El Congreso fue celebrado por vez primera en 1981, pero alcanzó la continuidad a partir de la segunda edición, organizada doce años después, y ha ampliado al paso de los años su marco de referencia geográfica, con trabajos que no necesariamente están vinculados con el contexto nacional mexicano. Esta publicación recoge la mayor parte de las conferencias magistrales de la cuarta edición, efectuada en Mérida en 1997, organizadas en cinco ejes temáticos, denominados alumnos y procesos de aprendizaje; sujetos y formación para la docencia, la investigación y la gestión; instituciones educativas: procesos curriculares y gestión; sistema educativo: filosofía, historia y cultura y sistema educativo: política, economía y sociología. El volumen abre y cierra con las conferencias inaugural y de clausura, tituladas respectivamente Las fronteras del hombre y la investigación educativa y El desarrollo de la investigación educativa, 1963-1996. | ||
| 610 | |a UNAM | ||
| 649 | |a XX | ||
| 650 | |a Investigación Educativa - |x Congresos - |x Tema Principal. | ||
| 650 | |a Educadores | ||
| 650 | |a Profesores | ||
| 650 | |a Académicos - |z México | ||
| 650 | |a Personal Escolar - |z México | ||
| 650 | |a Investigación Educativa - |z México - |x Historia - |y 1946-2000 | ||
| 650 | |a Investigación Educativa - |z México - |x Historia - |y Siglo XX | ||
| 650 | |a Alfabetización | ||
| 650 | |a Metodología Cualitativa | ||
| 650 | |a Formación y Capacitación de Investigadores | ||
| 650 | |a Proceso Educativo | ||
| 650 | |a Currículo | ||
| 650 | |a Administración Educativa | ||
| 650 | |a Sistema Escolar | ||
| 650 | |a Reforma Educativa | ||
| 650 | |a Educación Intercultural - |z Perú - |x Historia - |y 1985-1990 | ||
| 650 | |a Educación Intercultural - |z Perú - |x Historia - |y 1990-2000 | ||
| 650 | |a Educación Intercultural - |z Perú - |x Historia - |y Siglo XX | ||
| 650 | |a Educación Bilingüe - |z Perú - |x Historia - |y 1985-1990 | ||
| 650 | |a Educación Bilingüe - |z Perú - |x Historia - |y 1990-2000 | ||
| 650 | |a Educación Bilingüe - |z Perú - |x Historia - |y Siglo XX | ||
| 650 | |a Educación Indígena - |z Perú - |x Historia - |y 1985-1990 | ||
| 650 | |a Educación Indígena - |z Perú - |x Historia - |y 1990-2000 | ||
| 650 | |a Educación Indígena - |z Perú - |x Historia - |y Siglo XX | ||
| 650 | |a Educación Media Básica | ||
| 650 | |a Educación Superior | ||
| 650 | |a Educación Formal | ||
| 650 | |a Educación - |z México | ||
| 700 | |a Waldegg, Guillermina |e (presentación) | ||
| 910 | |a Fondo General | ||
| 920 | |a Impresos - Libros | ||
| 930 | |a Colección General | ||
| 905 | |a 101 | ||
| 901 | |a 0500122987 |b IT1 |c ACC |u 20250521 | ||
| 902 | |a https://opac.biblio.iteso.mx/vufind/Record/000182980 | ||